Elementary geometry of differentiable curves : an undergraduate introduction /
Сохранить в:
| Главный автор: | |
|---|---|
| Формат: | Sách giấy |
| Опубликовано: |
Cambridge, UK ; New York :
Cambridge University Press,
2001
|
| Предметы: | |
| Online-ссылка: | Table of contents Publisher description |
| Метки: |
Добавить метку
Нет меток, Требуется 1-ая метка записи!
|
| Thư viện lưu trữ: | Thư viện Trường Đại học Đà Lạt |
|---|
| LEADER | 01275nam a2200409 4500 | ||
|---|---|---|---|
| 001 | DLU050048019 | ||
| 005 | ##20050630 | ||
| 008 | ##020225s2001 enka 001 0 eng | ||
| 010 | # | # | |a 2002276146 |
| 015 | # | # | |a GBA1-32270 |
| 020 | # | # | |a 0521011078 (paperback) |
| 020 | # | # | |a 0521804531 (hardback) |
| 035 | # | # | |a (DLC) 2002276146 |
| 035 | # | # | |a (DLC)3251 |
| 035 | # | # | |a (OCoLC)ocm47063625 |
| 040 | # | # | |a UKM |c UKM |d OCLCQ |d ERE |d DLC |
| 042 | # | # | |a lccopycat |
| 050 | # | # | |a QA643 |b .G53 2001 |
| 082 | # | # | |a 516.36 |b GI-C |
| 100 | # | # | |a Gibson, Christopher G., |d 1940- |
| 245 | # | # | |a Elementary geometry of differentiable curves : |b an undergraduate introduction / |c C.G. Gibson |
| 260 | # | # | |a Cambridge, UK ; |a New York : |b Cambridge University Press, |c 2001 |
| 300 | # | # | |a xvii, 216 p. : |b ill. ; |c 24 cm. |
| 504 | # | # | |a Includes index. |
| 650 | # | # | |a Curves. |
| 856 | # | # | |3 Table of contents |u http://www.loc.gov/catdir/toc/cam026/2002276146.html |
| 856 | # | # | |3 Publisher description |u http://www.loc.gov/catdir/description/cam022/2002276146.html |
| 923 | # | # | |a 21/2005 |
| 992 | # | # | |a 11700 |
| 994 | # | # | |a DLU |
| 900 | # | # | |a True |
| 911 | # | # | |a Nguyễn Thị Tố Hạnh |
| 925 | # | # | |a G |
| 926 | # | # | |a A |
| 927 | # | # | |a SH |
| 980 | # | # | |a Thư viện Trường Đại học Đà Lạt |


